MARC

LEADER 00000nam0a2200000 4500
001 174099
005 20231101223133.0
035 |a (RuTPU)RU\TPU\book\188799 
090 |a 174099 
100 |a 20100119d1961 m y0rusy50 ca 
101 0 |a rus 
102 |a RU 
105 |a a z 001zy 
200 1 |a Д. Моор  |f Ю. Я. Халаминский 
210 |a Москва  |c Советский художник  |d 1961 
215 |a 222 с.  |c ил. 
320 |a Библиогр.: с. 217-219. 
600 1 |a Моор  |b Д. С.  |c настоящая фамилия Орлов  |c график  |c карикатурист  |c книжный и иллюстратор  |f 1883-1946  |g Дмитрий Стахиевич  |2 stltpush  |3 (RuTPU)RU\TPU\pers\22634  |9 9676 
610 1 |a графика 
610 1 |a карикатуры 
610 1 |a иллюстраторы 
675 |a 741(092)  |v 3 
700 1 |a Халаминский  |b Ю. Я.  |g Юрий Яковлевич 
801 1 |a RU  |b 63413507  |c 20100119 
801 2 |a RU  |b 63413507  |c 20101214  |g RCR 
942 |c BK